000 00930nam a2200265 a 4500
001 ENG-90838
005 20071231103130.0
008 080901t xxu||||| |||| 00| 0 eng d
010 _aENG-90838
020 _c200.00
_a819042291X
035 _aEN-74371
037 _bDBAD / PUB
040 _aDPL
082 _a363.7
100 _aJat, B.C.
245 _aEnvironmental studies /
_cby B.C. Jat [and] Sujata Mathur
260 _aJaipur
_bAgarwal Publishing Houes
_c2007
270 _a1885, Shukhlala Vyas Ki Gali, Nataniyon Ka Rasta,
_bJaipur
_e302003
300 _avi, 288p.
_c23 cm (pbk)
500 _aIncludes bibliographical references
650 _aenvironmental sciences
700 _aMathur , Sujata
942 _2ddc
_cEN
_h363.7
_mJAT
999 _c15251
_d15251